<?xml version="1.0" encoding="UTF-8"?><?xml-stylesheet type="text/xsl" href="static/style.xsl"?><OAI-PMH xmlns="http://www.openarchives.org/OAI/2.0/" xmlns:xsi="http://www.w3.org/2001/XMLSchema-instance" xsi:schemaLocation="http://www.openarchives.org/OAI/2.0/ http://www.openarchives.org/OAI/2.0/OAI-PMH.xsd"><responseDate>2026-06-01T18:11:47Z</responseDate><request verb="GetRecord" identifier="oai:riuma.uma.es:10630/9940" metadataPrefix="marc">https://riuma.uma.es/rest/oai/request</request><GetRecord><record><header><identifier>oai:riuma.uma.es:10630/9940</identifier><datestamp>2026-02-03T12:37:39Z</datestamp><setSpec>com_10630_2254</setSpec><setSpec>col_10630_37957</setSpec></header><metadata><record xmlns="http://www.loc.gov/MARC21/slim" xmlns:dcterms="http://purl.org/dc/terms/" xmlns:doc="http://www.lyncode.com/xoai" xmlns:xsi="http://www.w3.org/2001/XMLSchema-instance" xsi:schemaLocation="http://www.loc.gov/MARC21/slim http://www.loc.gov/standards/marcxml/schema/MARC21slim.xsd">
   <leader>00925njm 22002777a 4500</leader>
   <datafield ind2=" " ind1=" " tag="042">
      <subfield code="a">dc</subfield>
   </datafield>
   <datafield ind2=" " ind1=" " tag="720">
      <subfield code="a">Martín Molina, Víctor Manuel</subfield>
      <subfield code="e">author</subfield>
   </datafield>
   <datafield ind2=" " ind1=" " tag="260">
      <subfield code="c">2015</subfield>
   </datafield>
   <datafield ind2=" " ind1=" " tag="520">
      <subfield code="a">Análisis del tratamiento editorial sobre tres vertidos mediáticos provocados en contextos distintos: la Guerra del Golfo o I Guerra de Irak, el naufragio del Prestige y el vertido del Golfo de México, comparando el discurso en Estados Unidos y en España. La investigación se enmarca dentro del periodismo ambiental y, mediante la combinación del análisis de contenido y el 'framing', pretende definir cuáles son las prioridades de los medios de comunicación en el tratamiento editorial de un vertido, así como su en la denuncia de las consecuencias medioambientales de los mismos.</subfield>
   </datafield>
   <datafield ind1="8" ind2=" " tag="024">
      <subfield code="a">http://hdl.handle.net/10630/9940</subfield>
   </datafield>
   <datafield tag="653" ind2=" " ind1=" ">
      <subfield code="a">Periodismo medioambiental - Tesis doctorales</subfield>
   </datafield>
   <datafield ind2="0" ind1="0" tag="245">
      <subfield code="a">Posición editorial en la prensa de EEUU y España sobre las mareas negras provocadas por el hombre: I Guerra de Irak (1991), Prestige (2002) y Golfo de México (2010)</subfield>
   </datafield>
</record>
</metadata></record></GetRecord></OAI-PMH>